000 00725nam a22002417a 4500
942 _cBK
999 _c567
_d567
005 20250420134816.0
008 200809b ||||| |||| 00| 0 eng d
020 _a9781292092232
040 _aKCST
_cKCST
082 _a512.5
_bLa Li
100 _aLay, David C.
_94943
245 _aLinear algebra and its applications /
_bDavid C Lay; Steven R Lay; Judi J McDonald
250 _a5th edition
_bGlobal edition
260 _aHarlow, Essex,
_bPearson,
_c2016.
300 _ap.
650 _aLinear Algebra
_vTextbooks.
_94944
650 _aLinear algebra
_vProblems, exercises, etc.
_94945
655 _aTextbook
_94782
700 _aLay, Steven R.
_94946
700 _aJudi, McDonald J.
_94947
942 _2ddc